000 00789cam a2200241 a 4500
020 _a0072902833
040 _cDLC
082 0 0 _a658 IRW 1999 A091 Or.
100 1 _aApplegate, Lynda M.
245 1 0 _aCorporate information systems management :
_btext and cases /
250 _a5th ed.
260 _aBoston :
_bIrwin/McGraw-Hill,
_cc1999.
300 _axvi, 703 p. :
_bill., 1 map ;
_c24 cm.
650 0 _aInformation technology
650 0 _aManagement information systems.
650 0 _aInformation resources management.
650 0 _aInformation technology
700 1 _aMcFarlan, F. Warren
700 1 _aMcKenney, James L.
856 4 2 _uhttp://www.loc.gov/catdir/description/mh023/98054098.html
856 4 1 _uhttp://www.loc.gov/catdir/toc/mh022/98054098.html
942 _cEK
999 _c15530
_d15530